| 000 | 00405nam a22001457a 4500 | ||
|---|---|---|---|
| 003 | OSt | ||
| 005 | 20241111115430.0 | ||
| 008 | 241111b |||||||| |||| 00| 0 eng d | ||
| 020 | _a9789355015365 | ||
| 040 | _c | ||
| 082 |
_a621.3/SIN _bSIN |
||
| 245 |
_aBasic Electrical Engineering _cSingh,Ravish |
||
| 260 |
_bS.Chand _c2023 |
||
| 942 |
_2ddc _cBK _h621.3/SIN _iSIN _k621.3 _mSin _n0 |
||
| 999 |
_c36107 _d36107 |
||